00754nam a22002537a 4500003000500000005001700005008004100022010001100063011001100074035001100085040000900096100002600105245006300131260003300194300001900227490003200246505008100278650002500359650002400384650003200408650001300440650001500453830003200468CHAP20220329143809.0110905s1974 mx a r 00010 spa d a102010 a102982 a113671 cCHAP1 aRosa, Martín de la.10aNetzahualcoyotl :bun fenómenoc/por Martín de la Rosa aMéxico, D.F. :bFCE,c1974 a32 p. :bilus. 0aTestimonios del fondov; 190 aIncluye fotografía aérea del municipio Netzahualcóyotl, Edo. de Méx.14aAsentamiento social.14aCiudades y pueblos.14aDesarrollo de la comunidad.14aPobreza.14aUrbanismo.0 aTestimonios del fondov; 19